|
|
|
|
| LEADER |
00000nam a2200000 i 4500 |
| 001 |
1/104935 |
| 008 |
000320s1994 ger d |
| 020 |
|
|
|a 3-928034-46-4
|z 3-828034-46-4
|
| 035 |
|
|
|l 10059044
|
| 040 |
|
|
|a GR-MY-UA
|b gre
|e aacr
|
| 041 |
0 |
|
|a ger
|
| 082 |
0 |
|
|a 370.94
|
| 245 |
1 |
0 |
|a Schnee vom vergangenen Jahrhundert :
|b neue Aspekte der Reformpaedagogik /
|c Winfried Boehm ... [et al.] (hrsg.)
|
| 250 |
|
|
|a 2. Aufl.
|
| 260 |
|
|
|a Wuerzburg :
|b Ergon,
|c c1994
|
| 300 |
|
|
|a 128 p.
|
| 504 |
|
|
|a Includes bibliographical references.
|
| 650 |
0 |
0 |
|a Education
|z Europe
|x History
|y 19th century.
|
| 650 |
0 |
0 |
|a Education
|z Europe
|x History
|y 20th century.
|
| 650 |
0 |
0 |
|a Educational change
|z Europe
|x History
|y 19th century.
|
| 650 |
0 |
0 |
|a Educational change
|z Europe
|x History
|y 20th century.
|
| 700 |
1 |
|
|a Boehm, Winfried.
|4 edt
|
| 852 |
|
|
|a INST
|b RHODES
|e 20000320
|h 370.94 SCH
|p 005400012600
|q 005400012600
|t BK
|y 0
|
| 901 |
|
|
|a BIBL4-2000-1
|
| 909 |
|
|
|a Ρ
|b 068855
|
| 922 |
|
|
|a 4ΕΛΗ
|b 199909
|c ΚΠΣ/154
|d GLORY BOOKS
|
| 970 |
|
|
|z 2000/03/20
|